Normal view
MARC view
Entry Personal Name
001 - CONTROL NUMBER
- control field: 141
003 - CONTROL NUMBER IDENTIFIER
- control field: BD-DhUIB
005 - DATE AND TIME OF LATEST TRANSACTION
- control field: 20210321143959.0
008 - FIXED-LENGTH DATA ELEMENTS
- fixed length control field: 210321|| aca||aabn | a|a d
040 ## - CATALOGING SOURCE
- Original cataloging agency: BD-DhUIB
- Transcribing agency: BD-DhUIB
100 ## - HEADING--PERSONAL NAME
- Personal name: Marakas, George M
670 ## - SOURCE DATA FOUND
- Source citation: Work cat.: (BD-DhUIB): O'Brien, James A. 140, Management information system /, c2009.
